[Event "Intermat"]
[Site "Burnaby CAN"]
[Date "2025.06.08"]
[Round "2.5"]
[White "Wang, Hengsheen"]
[Black "Zhu, Daniel"]
[Result "0-1"]
[WhiteElo "1202"]
[BlackElo "1924"]
[WhiteFideId "-1"]
[WhiteFideId "-1"]
[PlyCount "148"]
[GameId "2192962065702042"]
[EventDate "2025.06.08"]
[EventType "match"]
[EventRounds "2"]
[EventCountry "CAN"]
[WhiteTeam "WA"]
[BlackTeam "BC"]

1. e4 c5 2. Nf3 d6 3. Nc3 Nc6 4. Bc4 e6 5. d3 Nf6 6. O-O Be7 7. Bg5 O-O 8. Qd2 Na5 9. Bb3 a6 10. a3 Nxb3 11. cxb3 h6 12. Bh4 Qb6 13. Qc2 Bd7 14. Rad1 Bc6 15. Rfe1 Rac8 16. h3 Qa5 17. Ne2 b5 18. Qd2 Qxd2 19. Rxd2 c4 20. Bxf6 Bxf6 21. bxc4 bxc4 22. Nc3 cxd3 23. Rxd3 Rfd8 24. Nd4 Bb7 25. Nf3 Kf8 26. Nd4 Rc4 27. Nf3 Bxc3 28. bxc3 Rxe4 29. Rxe4 Bxe4 30. Re3 Bd5 31. Kf1 Rb8 32. Nd2 Rb2 33. Re2 Rc2 34. f3 Rxc3 35. Nb1 Rd3 36. Rd2 Bc4 37. Ke1 Rb3 38. Rd1 Bd3 39. Nd2 Rxa3 40. Ne4 Bxe4 41. fxe4 Ke7 42. Ke2 Ra2+ 43. Kf3 Rb2 44. Ra1 Rb6 45. g4 Kd7 46. h4 Kc6 47. Ke3 Rb3+ 48. Kd2 Kb5 49. Kc2 Rb4 50. Kd3 a5 51. h5 a4 52. Ra2 Rb3+ 53. Kc2 Kb4 54. Ra1 a3 55. Ra2 Rb2+ 56. Rxb2+ axb2 57. Kxb2 Kc4 58. Kc2 Kd4 59. Kd2 Kxe4 60. Ke2 d5 61. Kd2 Kf3 62. Ke1 e5 63. Kd1 e4 64. g5 hxg5 65. h6 gxh6 66. Ke1 f5 67. Kf1 d4 68. Ke1 e3 69. Kf1 d3 70. Ke1 h5 71. Kf1 d2 72. Kg1 h4 73. Kh1 Kg3 74. Kg1 d1=Q# 0-1

[Event "Intermat"]
[Site "Burnaby CAN"]
[Date "2025.06.08"]
[Round "2.6"]
[White "Wang, Harvey"]
[Black "Zhang, Xavier"]
[Result "1-0"]
[WhiteElo "1403"]
[BlackElo "1602"]
[WhiteFideId "-1"]
[WhiteFideId "-1"]
[PlyCount "55"]
[GameId "2192962065710235"]
[EventDate "2025.06.08"]
[EventType "match"]
[EventRounds "2"]
[EventCountry "CAN"]
[WhiteTeam "WA"]
[BlackTeam "BC"]

1. e4 c6 2. d4 d5 3. exd5 cxd5 4. Bd3 Nc6 5. c3 Nf6 6. h3 e6 7. Nf3 Bd6 8. O-O O-O 9. Re1 Re8 10. Ne5 Qc7 11. Bf4 Bd7 12. Nd2 Rad8 13. Ndf3 a6 14. Qc2 h6 15. a3 b5 16. Rac1 Na5 17. Red1 Nc4 18. Bxc4 bxc4 19. Bh2 Ne4 20. Nd2 Nxd2 21. Qxd2 f6 22. Nf3 Bxh2+ 23. Nxh2 h5 24. Qc2 Bc6 25. Qg6 Qf7 26. Qg3 Rb8 27. Rb1 Ba4 28. Rd2 1-0

[Event "Intermat"]
[Site "Burnaby CAN"]
[Date "2025.06.08"]
[Round "2.8"]
[White "Yun, Daniel"]
[Black "Geng, Evan"]
[Result "1/2-1/2"]
[WhiteElo "1444"]
[BlackElo "1489"]
[WhiteFideId "-1"]
[WhiteFideId "-1"]
[PlyCount "98"]
[GameId "2192962065718428"]
[EventDate "2025.06.08"]
[EventType "match"]
[EventRounds "2"]
[EventCountry "CAN"]
[WhiteTeam "WA"]
[BlackTeam "BC"]

1. e4 d5 2. exd5 Qxd5 3. Nc3 Qa5 4. Nf3 Nf6 5. d4 c6 6. Bc4 Bg4 7. Bd2 Qc7 8. O-O e6 9. h3 Bh5 10. Re1 Bd6 11. Bg5 Nbd7 12. Bxf6 Nxf6 13. Qd3 O-O 14. Ne5 Nd7 15. Nxd7 Qxd7 16. Qe3 Qc7 17. Ne4 Rad8 18. Nxd6 Qxd6 19. c3 Qe7 20. Qg3 Bg6 21. Re2 c5 22. d5 b5 23. Bxb5 Rxd5 24. Re5 Rfd8 25. Rae1 h6 26. Bc4 Rxe5 27. Qxe5 Qd6 28. Qxd6 Rxd6 29. Bb5 Kf8 30. f3 Ke7 31. Kf2 Rd2+ 32. Re2 Rxe2+ 33. Kxe2 Kd6 34. Ke3 f5 35. Bd3 f4+ 36. Ke2 Bf7 37. Kd2 Kd5 38. Be4+ Kd6 39. c4 a5 40. a4 e5 41. Kc3 g6 42. b3 h5 43. Kd3 h4 44. Kd2 Be8 45. Kd3 Bf7 46. Kc2 Be8 47. Kd3 Bf7 48. Ba8 Be6 49. Be4 Bf7 1/2-1/2

[Event "Intermat"]
[Site "Burnaby CAN"]
[Date "2025.06.08"]
[Round "2.9"]
[White "Maharaja, Imai"]
[Black "Li, Moses"]
[Result "0-1"]
[WhiteElo "1562"]
[BlackElo "1715"]
[WhiteFideId "-1"]
[WhiteFideId "-1"]
[PlyCount "98"]
[GameId "2192962065726621"]
[EventDate "2025.06.08"]
[EventType "match"]
[EventRounds "2"]
[EventCountry "CAN"]
[WhiteTeam "WA"]
[BlackTeam "BC"]

1. e4 c5 2. c3 Nc6 3. d4 cxd4 4. cxd4 d5 5. exd5 Qxd5 6. Be3 e6 7. Nc3 Bb4 8. Qd2 Qa5 9. a3 Nf6 10. Qc1 Bxc3+ 11. Qxc3 Qxc3+ 12. bxc3 Bd7 13. Bd3 a6 14. Nf3 h6 15. O-O O-O 16. h3 Rfe8 17. Rfe1 Rac8 18. c4 e5 19. dxe5 Nxe5 20. Nxe5 Rxe5 21. Bd4 Re6 22. Bxf6 gxf6 23. Reb1 Rd6 24. Rd1 Kg7 25. Rac1 Ba4 26. Rd2 Rcd8 27. Rc3 b6 28. f4 f5 29. c5 bxc5 30. Rxc5 Bb5 31. g4 Rxd3 32. Rxd3 Rxd3 33. gxf5 Rxa3 34. Re5 Bc6 35. Rc5 Bb5 36. Kg2 Rb3 37. Rc1 a5 38. Ra1 a4 39. Ra2 a3 40. Kh2 Rb2+ 41. Kg3 Rxa2 42. f6+ Kxf6 43. f5 Re2 44. Kh4 a2 45. Kh5 a1=Q 46. h4 Qa8 47. Kg4 Qe4+ 48. Kh5 Qxf5+ 49. Kxh6 Qg6# 0-1

[Event "Intermat"]
[Site "Burnaby CAN"]
[Date "2025.06.08"]
[Round "2.10"]
[White "Wu, Shanna"]
[Black "Jain, Ishaan"]
[Result "0-1"]
[WhiteElo "1637"]
[BlackElo "1491"]
[WhiteFideId "-1"]
[WhiteFideId "-1"]
[PlyCount "144"]
[GameId "2192962065738910"]
[EventDate "2025.06.08"]
[EventType "match"]
[EventRounds "2"]
[EventCountry "CAN"]
[WhiteTeam "WA"]
[BlackTeam "BC"]

1. e4 c5 2. Nf3 Nc6 3. d4 cxd4 4. Nxd4 e6 5. Nc3 Bb4 6. Be3 Nf6 7. Bd3 O-O 8. O-O Ne5 9. Bg5 h6 10. Bh4 Nxd3 11. cxd3 d6 12. Nce2 Bc5 13. Nf3 e5 14. h3 Be6 15. d4 exd4 16. Nexd4 Rc8 17. Re1 Qe7 18. Qe2 Bxd4 19. Nxd4 Bc4 20. Qe3 Qe5 21. Bg3 Qc5 22. b3 Be6 23. Rac1 Qb6 24. Rxc8 Rxc8 25. Nxe6 Qxe3 26. Rxe3 fxe6 27. Bxd6 Rc1+ 28. Kh2 Rc2 29. f4 Rxa2 30. f5 exf5 31. exf5 Ra5 32. g4 Rd5 33. Ba3 b5 34. b4 h5 35. g5 Nd7 36. Rf3 Ne5 37. Rf2 Rd3 38. Bb2 Nf3+ 39. Kg2 Nxg5 40. h4 Ne4 41. Re2 Rd2 42. Rxd2 Nxd2 43. Bd4 a6 44. Kg3 Kf7 45. Kf4 g6 46. Bc3 Nf1 47. Kg5 gxf5 48. Kxf5 Ng3+ 49. Ke5 Kg6 50. Kd5 Kf5 51. Kc5 Ne4+ 52. Kd4 Nxc3 53. Kxc3 Kg4 54. Kd4 Kxh4 55. Kc5 Kg4 56. Kb6 h4 57. Kxa6 h3 58. Kxb5 h2 59. Kc6 h1=Q+ 60. Kb6 Qa8 61. b5 Kf5 62. Kc7 Qa7+ 63. Kc6 Ke6 64. b6 Qb8 65. b7 Ke7 66. Kb6 Kd6 67. Ka6 Kc6 68. Ka5 Qxb7 69. Ka4 Kc5 70. Ka3 Kc4 71. Ka2 Kc3 72. Ka1 Qb2# 0-1

[Event "Intermat"]
[Site "Burnaby CAN"]
[Date "2025.06.08"]
[Round "2.11"]
[White "Pai, Vihaan"]
[Black "Zhang, Kai"]
[Result "0-1"]
[WhiteElo "1458"]
[BlackElo "1879"]
[WhiteFideId "-1"]
[WhiteFideId "-1"]
[PlyCount "92"]
[GameId "2192962065747103"]
[EventDate "2025.06.08"]
[EventType "match"]
[EventRounds "2"]
[EventCountry "CAN"]
[WhiteTeam "WA"]
[BlackTeam "BC"]

1. c4 e6 2. Nc3 Nf6 3. Nf3 d5 4. cxd5 exd5 5. d4 Bb4 6. Bf4 Bf5 7. e3 O-O 8. Bd3 Bg6 9. O-O c6 10. Rc1 Nbd7 11. a3 Bxc3 12. Rxc3 Bxd3 13. Rxd3 Ne4 14. Nd2 Nxd2 15. Rxd2 Nb6 16. b3 Qe7 17. Ra2 a5 18. a4 Qb4 19. Qd2 Qxb3 20. Qb2 Qxb2 21. Rxb2 Nxa4 22. Rxb7 Nc3 23. Bd6 Rfc8 24. f3 Nb5 25. Bc5 Rcb8 26. Rxb8+ Rxb8 27. Ra1 Ra8 28. Ra4 Nc3 29. Ra3 Nb1 30. Ra4 Nd2 31. Kf2 f5 32. Ke2 Nc4 33. Bb4 Re8 34. Bd2 f4 35. e4 Nxd2 36. Kxd2 dxe4 37. fxe4 Rxe4 38. Kd3 Re3+ 39. Kd2 Rb3 40. Ke2 Rb4 41. Rxa5 Rxd4 42. Rc5 Rd6 43. Kf3 Kf7 44. Rc4 g5 45. h4 gxh4 46. Rxf4+ Kg6 0-1

[Event "Intermat"]
[Site "Burnaby CAN"]
[Date "2025.06.08"]
[Round "2.12"]
[White "Xu, Owen"]
[Black "Bharath, Suresh"]
[Result "0-1"]
[WhiteElo "1876"]
[BlackElo "1872"]
[WhiteFideId "-1"]
[WhiteFideId "-1"]
[PlyCount "108"]
[GameId "2192962065759392"]
[EventDate "2025.06.08"]
[EventType "match"]
[EventRounds "2"]
[EventCountry "CAN"]
[WhiteTeam "WA"]
[BlackTeam "BC"]

1. e4 c5 2. Nf3 d6 3. d4 cxd4 4. Nxd4 Nf6 5. Nc3 a6 6. Be3 e5 7. Nb3 Be6 8. f3 Be7 9. g4 d5 10. exd5 Nxd5 11. Nxd5 Bh4+ 12. Bf2 Bxf2+ 13. Kxf2 Bxd5 14. c4 Qb6+ 15. Kg2 Be6 16. Bd3 Nc6 17. Qc2 Nb4 18. Qc3 Nxd3 19. Qxd3 O-O 20. Rhe1 f6 21. Rac1 Rac8 22. Qe4 Rfd8 23. Re2 Bf7 24. h4 Qb4 25. c5 Qxe4 26. fxe4 Rd3 27. Rd2 Rxd2+ 28. Nxd2 Rd8 29. Rc2 Kf8 30. Kf2 Rd3 31. b3 Be8 32. Nf3 Bc6 33. Rc4 Rd1 34. Ke3 Ke7 35. Rc2 Bd7 36. g5 Bc6 37. gxf6+ gxf6 38. Rg2 Kf7 39. Rf2 Ke6 40. Rc2 h6 41. Rg2 Rc1 42. Rg6 Rc3+ 43. Ke2 Bxe4 44. Rxh6 Rxf3 45. Rh8 Rh3 46. Kf2 Kf5 47. Rh6 Bc6 48. Rh5+ Kf4 49. Rh8 Bf3 50. b4 f5 51. a4 Rh2+ 52. Kg1 Kg3 53. Rg8+ Bg4 54. b5 Rd2 0-1

[Event "Intermat"]
[Site "Burnaby CAN"]
[Date "2025.06.08"]
[Round "2.14"]
[White "Yondon, Odbayar"]
[Black "Chua, Zachary"]
[Result "1-0"]
[WhiteElo "1849"]
[BlackElo "1872"]
[WhiteFideId "-1"]
[WhiteFideId "-1"]
[PlyCount "89"]
[GameId "2192962065771681"]
[EventDate "2025.06.08"]
[EventType "match"]
[EventRounds "2"]
[EventCountry "CAN"]
[WhiteTeam "WA"]
[BlackTeam "BC"]

1. e4 e6 2. d4 d5 3. exd5 exd5 4. Bd3 Nc6 5. c3 Bd6 6. h3 Nge7 7. Nf3 Bf5 8. O-O Bxd3 9. Qxd3 f6 10. Nbd2 Qd7 11. a4 O-O-O 12. b4 h5 13. a5 g5 14. b5 Nb8 15. c4 g4 16. Ne1 Rhg8 17. Kh1 Bb4 18. c5 gxh3 19. Qxh3 Qxh3+ 20. gxh3 c6 21. b6 axb6 22. axb6 Na6 23. Nc2 Bxd2 24. Bxd2 Nf5 25. Bf4 Rde8 26. Rfb1 Re7 27. Nb4 Nxb4 28. Ra8+ Kd7 29. Rxg8 Nc2 30. Rb8 Ke6 31. Bc7 Nfxd4 32. Rxb7 Nb5 33. Rc1 Nbd4 34. Ra7 Rg7 35. b7 Nf3 36. b8=Q Nce1 37. Rxe1+ Nxe1 38. Qc8+ Rd7 39. Bg3 Kf5 40. Qxd7+ Ke4 41. Qe6+ Kd3 42. Qe3+ Kc2 43. Ra2+ Kb1 44. Qb3+ Kc1 45. Bf4# 1-0

[Event "Intermat"]
[Site "Burnaby CAN"]
[Date "2025.06.08"]
[Round "2.16"]
[White "Cheng, Selina"]
[Black "Yuan, Jaydon"]
[Result "1-0"]
[WhiteElo "1743"]
[BlackElo "1890"]
[WhiteFideId "-1"]
[WhiteFideId "-1"]
[PlyCount "97"]
[GameId "2192962065779874"]
[EventDate "2025.06.08"]
[EventType "match"]
[EventRounds "2"]
[EventCountry "CAN"]
[WhiteTeam "WA"]
[BlackTeam "BC"]

1. e4 e5 2. Nf3 Nc6 3. Bb5 a6 4. Ba4 Nf6 5. O-O Be7 6. c3 b5 7. Bc2 d6 8. d3 Bb7 9. Be3 O-O 10. Re1 Nb8 11. Nbd2 c5 12. Nf1 Nbd7 13. Ng3 Re8 14. a4 Nf8 15. Qe2 Ng6 16. d4 c4 17. d5 Ng4 18. Nf5 Nxe3 19. Qxe3 h6 20. g3 Qd7 21. Kg2 Rab8 22. axb5 axb5 23. Ra7 Ra8 24. Rea1 Rxa7 25. Rxa7 Nf8 26. Qb6 Rb8 27. Nxe7+ Qxe7 28. Qxb5 Qc7 29. Ba4 Qc8 30. Nd2 Ba8 31. Qxc4 Qd8 32. b4 Rc8 33. Qa6 Ng6 34. c4 Rb8 35. Rd7 Qg5 36. Qxd6 Rf8 37. Nf3 Qg4 38. Nxe5 Qxe4+ 39. Nf3 Qxc4 40. Bc6 Bxc6 41. dxc6 Qg4 42. c7 Nf4+ 43. Kf1 Re8 44. Re7 Qh3+ 45. Ke1 Ng2+ 46. Kd2 Rc8 47. Qd7 Qh5 48. Qxc8+ Kh7 49. Re3 1-0

[Event "Intermat"]
[Site "Burnaby CAN"]
[Date "2025.06.08"]
[Round "2.18"]
[White "Beegala, Keshav"]
[Black "Chen, Zhengyu"]
[Result "1/2-1/2"]
[WhiteElo "1833"]
[BlackElo "1998"]
[WhiteFideId "-1"]
[WhiteFideId "-1"]
[PlyCount "52"]
[GameId "2192962065788067"]
[EventDate "2025.06.08"]
[EventType "match"]
[EventRounds "2"]
[EventCountry "CAN"]
[WhiteTeam "WA"]
[BlackTeam "BC"]

1. d4 Nf6 2. c4 e6 3. Nc3 Bb4 4. e3 O-O 5. Bd2 b6 6. Bd3 Bb7 7. Nf3 d6 8. a3 Bxc3 9. Bxc3 Ne4 10. Rc1 Nd7 11. O-O f5 12. Nd2 Nxd2 13. Qxd2 Qg5 14. f3 Nf6 15. b4 Nh5 16. Rce1 f4 17. exf4 Nxf4 18. Be4 Bxe4 19. Rxe4 Rf6 20. Kh1 Raf8 21. Qf2 Rg6 22. g3 Nh5 23. Bd2 Qf5 24. Rh4 Nf6 25. Rf4 Qd3 26. Rc1 Qxa3 1/2-1/2

[Event "Intermat"]
[Site "Burnaby CAN"]
[Date "2025.06.08"]
[Round "2.19"]
[White "Stroud, Jeb"]
[Black "Xu, Justin"]
[Result "0-1"]
[WhiteElo "1594"]
[BlackElo "2169"]
[WhiteFideId "-1"]
[WhiteFideId "-1"]
[PlyCount "74"]
[GameId "2192962065796260"]
[EventDate "2025.06.08"]
[EventType "match"]
[EventRounds "2"]
[EventCountry "CAN"]
[WhiteTeam "WA"]
[BlackTeam "BC"]

1. e4 c5 2. Be2 d6 3. f4 Nc6 4. Nf3 Bg4 5. O-O g6 6. c3 Bg7 7. d3 e6 8. h3 Bxf3 9. Bxf3 Nge7 10. Be3 Qc7 11. Nd2 Rd8 12. Kh1 O-O 13. Qe1 b5 14. Qh4 d5 15. e5 Nf5 16. Qe1 Nxe3 17. Qxe3 d4 18. Qe4 Ne7 19. c4 Nf5 20. Qe1 Ne3 21. Rg1 Nc2 22. Qh4 Nxa1 23. Ne4 h6 24. Rxa1 Kh8 25. g4 Rde8 26. g5 Qd8 27. Nf6 Qe7 28. gxh6 Bxf6 29. exf6 Qd6 30. h7 e5 31. f5 e4 32. Bxe4 a6 33. Rc1 bxc4 34. Rxc4 Rb8 35. b3 Rfe8 36. Rxc5 Qxc5 37. Qh6 Qf8 0-1

[Event "Intermat"]
[Site "Burnaby CAN"]
[Date "2025.06.08"]
[Round "2.22"]
[White "Liu, Bihe"]
[Black "Xu, Joey"]
[Result "0-1"]
[WhiteElo "1189"]
[BlackElo "1977"]
[WhiteFideId "-1"]
[WhiteFideId "-1"]
[PlyCount "62"]
[GameId "2192962065804453"]
[EventDate "2025.06.08"]
[EventType "match"]
[EventRounds "2"]
[EventCountry "CAN"]
[WhiteTeam "WA"]
[BlackTeam "BC"]

1. e4 e6 2. d4 d5 3. exd5 exd5 4. Nf3 Bd6 5. c3 Ne7 6. Bg5 f6 7. Bh4 O-O 8. Bd3 Bf5 9. O-O Qd7 10. Re1 Nbc6 11. Bxf5 Nxf5 12. Bg3 Rfe8 13. Nbd2 Bxg3 14. hxg3 b6 15. Qb3 Qf7 16. Rxe8+ Rxe8 17. Qa4 Qd7 18. b4 a5 19. a3 Nd6 20. Qb3 Qf7 21. Nf1 Ne4 22. Ne3 Rd8 23. b5 Ne7 24. a4 Qe6 25. Qc2 Nxg3 26. Nxd5 Nxd5 27. c4 Ne2+ 28. Kf1 Ndc3 29. Re1 Re8 30. Ng1 Ng3+ 31. fxg3 Qxe1# 0-1

[Event "Intermat"]
[Site "Burnaby CAN"]
[Date "2025.06.08"]
[Round "2.23"]
[White "Agaian, Angela"]
[Black "Wu, Nathan"]
[Result "0-1"]
[WhiteElo "1116"]
[BlackElo "2148"]
[WhiteFideId "-1"]
[WhiteFideId "-1"]
[PlyCount "110"]
[GameId "2192962065812646"]
[EventDate "2025.06.08"]
[EventType "match"]
[EventRounds "2"]
[EventCountry "CAN"]
[WhiteTeam "WA"]
[BlackTeam "BC"]

1. c4 c5 2. Nc3 Nc6 3. g3 h5 4. Bg2 h4 5. Nf3 h3 6. Bf1 g6 7. d3 Bg7 8. Be3 d6 9. a3 e5 10. Rb1 a5 11. Bg5 f6 12. Be3 Nge7 13. Qa4 Nf5 14. Rg1 Bd7 15. g4 Nfd4 16. Ne4 Qe7 17. Nxd4 Nxd4 18. Qd1 b5 19. Rg3 bxc4 20. dxc4 a4 21. Bd2 Bc6 22. Nc3 Qb7 23. f3 Kf7 24. e3 Nxf3+ 25. Kf2 Ng5 26. b3 axb3 27. Rxb3 Qc7 28. Ke1 Rab8 29. Nd5 Qa7 30. Bd3 Ba4 31. Bc2 Bxb3 32. Bxb3 Ne4 33. Rf3 Nxd2 34. Kxd2 Qxa3 35. Bc2 Rb2 36. Qf1 Qa5+ 37. Kd3 e4+ 38. Kxe4 Re8+ 39. Kd3 Qa3+ 40. Kd2 Re6 41. Qd3 Qxd3+ 42. Kxd3 Re8 43. Kd2 Ra8 44. g5 Raa2 45. gxf6 Rxc2+ 46. Kd3 Bh6 47. Rxh3 Rxh2 48. Rxh2 Rxh2 49. e4 Rd2+ 50. Kc3 Rd4 51. Kb3 Rxe4 52. Kc3 Rd4 53. Kb3 Rxd5 54. cxd5 Kxf6 55. Kc4 Ke5 0-1

[Event "Intermat"]
[Site "Burnaby CAN"]
[Date "2025.06.08"]
[Round "2.25"]
[White "Shinkarev, Slava"]
[Black "Qin, Kaiqi"]
[Result "0-1"]
[WhiteElo "1548"]
[BlackElo "2178"]
[WhiteFideId "-1"]
[WhiteFideId "-1"]
[PlyCount "76"]
[GameId "2192962065820839"]
[EventDate "2025.06.08"]
[EventType "match"]
[EventRounds "2"]
[EventCountry "CAN"]
[WhiteTeam "WA"]
[BlackTeam "BC"]

1. d4 d5 2. c4 e6 3. Nf3 Nf6 4. g3 Bb4+ 5. Bd2 Be7 6. Bg2 O-O 7. O-O Ne4 8. Qc2 c6 9. Nc3 f5 10. c5 Nd7 11. b4 b6 12. Na4 bxc5 13. Nxc5 Ndxc5 14. bxc5 Ba6 15. Ne5 Bf6 16. Bxe4 fxe4 17. Nxc6 Qe8 18. Ne5 Bxe5 19. dxe5 Bxe2 20. Bb4 Bxf1 21. Rxf1 Qb5 22. Ba3 Qa5 23. Bc1 Rac8 24. Be3 Qc7 25. Bd4 Rf3 26. Qa4 Rd3 27. Rc1 Qc6 28. Qb4 a5 29. Qb2 Rf8 30. Rb1 Qa4 31. Be3 d4 32. Bf4 e3 33. fxe3 dxe3 34. Qe2 Qe4 35. Re1 Rd2 36. Qf1 g5 37. Rxe3 Qd4 38. Qh3 gxf4 0-1

[Event "Intermat"]
[Site "Burnaby CAN"]
[Date "2025.06.08"]
[Round "2.26"]
[White "Yuodelis, Kenneth"]
[Black "Jiang, Kate"]
[Result "0-1"]
[WhiteElo "1705"]
[BlackElo "2018"]
[WhiteFideId "-1"]
[WhiteFideId "-1"]
[PlyCount "60"]
[GameId "2192962065824936"]
[EventDate "2025.06.08"]
[EventType "match"]
[EventRounds "2"]
[EventCountry "CAN"]
[WhiteTeam "WA"]
[BlackTeam "BC"]

1. e4 e5 2. Nf3 Nc6 3. d4 exd4 4. Bc4 Bc5 5. c3 Nf6 6. e5 d5 7. Bb5 Ne4 8. cxd4 Bb6 9. h3 O-O 10. Bxc6 bxc6 11. O-O f6 12. Be3 fxe5 13. Nxe5 Qh4 14. Nf3 Qf6 15. Ne5 Ba6 16. Nd7 Qh4 17. Nxf8 Bxf1 18. Qxf1 Rxf8 19. Nc3 Nd6 20. Qd3 Nc4 21. b3 Nxe3 22. fxe3 Qf2+ 23. Kh1 Re8 24. Nd1 Qe1+ 25. Kh2 Ba5 26. a3 Bd2 27. Ra2 Bxe3 28. Nxe3 Rxe3 29. Re2 Qg3+ 30. Kg1 Rxd3 0-1

[Event "Langley op"]
[Site "Langley CAN"]
[Date "2025.08.30"]
[Round "1.1"]
[White "Doknjas, John"]
[Black "Lu, Samuel"]
[Result "1-0"]
[WhiteElo "2416"]
[BlackElo "1862"]
[WhiteFideId "-1"]
[WhiteFideId "-1"]
[PlyCount "97"]
[GameId "2223040862638119"]
[EventDate "2025.08.30"]
[EventType "swiss"]
[EventRounds "6"]
[EventCountry "CAN"]

1. Nf3 d5 2. g3 Nf6 3. Bg2 g6 4. O-O Bg7 5. c4 e6 6. d4 O-O 7. Nbd2 b6 8. b4 Bb7 9. a4 dxc4 10. Nxc4 Nbd7 11. Ba3 Re8 12. Rc1 Rc8 13. Qb3 Bd5 14. Qd3 Bh6 15. e3 Be4 16. Qe2 Bd5 17. Nfe5 Nxe5 18. Nxe5 Bxg2 19. Kxg2 Qd5+ 20. Qf3 Bg7 21. b5 h6 22. Nc6 Bf8 23. Bxf8 Kxf8 24. Qxd5 Nxd5 25. e4 Nf6 26. Kf3 Ra8 27. Nb4 Red8 28. Rc4 Rd7 29. h3 Ne8 30. Ke3 Nd6 31. Rc2 Rb8 32. Rfc1 Ne8 33. e5 Rb7 34. Nc6 Ng7 35. g4 Ne8 36. f4 Ng7 37. Ke4 Ke8 38. Rd2 Kf8 39. Rf1 Ke8 40. Rff2 Kf8 41. d5 exd5+ 42. Rxd5 Rxd5 43. Kxd5 Ne6 44. f5 gxf5 45. gxf5 Nc5 46. Rf4 a6 47. e6 axb5 48. e7+ Ke8 49. Rg4 1-0

[Event "Langley op"]
[Site "Langley CAN"]
[Date "2025.08.30"]
[Round "1.2"]
[White "Yu, Alex (Guo Xi)"]
[Black "Morozov, Grigorii"]
[Result "0-1"]
[WhiteElo "1834"]
[BlackElo "2400"]
[WhiteFideId "-1"]
[WhiteFideId "-1"]
[PlyCount "90"]
[GameId "2223040862650408"]
[EventDate "2025.08.30"]
[EventType "swiss"]
[EventRounds "6"]
[EventCountry "CAN"]

1. e4 c5 2. Nf3 e6 3. Nc3 Nc6 4. Bb5 Nd4 5. Nxd4 cxd4 6. Ne2 Qa5 7. a4 a6 8. Bd3 e5 9. c3 dxc3 10. dxc3 Nf6 11. O-O d5 12. b4 Qd8 13. Bg5 Be6 14. Bxf6 gxf6 15. f4 dxe4 16. Bxe4 Qb6+ 17. Kh1 f5 18. a5 Qc7 19. Bc2 Rd8 20. Ba4+ Ke7 21. Qe1 Bg7 22. Rc1 e4 23. g4 fxg4 24. f5 Bc4 25. f6+ Bxf6 26. Rxf6 Kxf6 27. Qh4+ Kg7 28. Qg5+ Kf8 29. Qh6+ Ke7 30. Qg5+ Kf8 31. Qh6+ Ke7 32. Qg5+ f6 33. Qg7+ Bf7 34. Bb3 Rhf8 35. Rf1 Qc6 36. Ng3 e3+ 37. Kg1 Rd2 38. Nf5+ Ke8 39. Bxf7+ Rxf7 40. Qg8+ Rf8 41. Qxg4 Qd5 42. c4 Qg8 43. Ng7+ Kf7 44. Qh5+ Kxg7 45. Rf3 Qxc4 0-1

[Event "Langley op"]
[Site "Langley CAN"]
[Date "2025.08.30"]
[Round "1.3"]
[White "Doknjas, Neil"]
[Black "Yousefzadeh, Mehrdad"]
[Result "1-0"]
[WhiteElo "2381"]
[BlackElo "1826"]
[WhiteFideId "-1"]
[WhiteFideId "-1"]
[PlyCount "75"]
[GameId "2223040862654505"]
[EventDate "2025.08.30"]
[EventType "swiss"]
[EventRounds "6"]
[EventCountry "CAN"]

1. e4 Nf6 2. e5 Nd5 3. d4 d6 4. c4 Nb6 5. exd6 cxd6 6. Nc3 Bf5 7. Nf3 e6 8. Be2 Be7 9. O-O O-O 10. Be3 d5 11. c5 N6d7 12. b4 Nf6 13. Ne5 Nc6 14. Nxc6 bxc6 15. f3 Qd7 16. Qa4 a6 17. Rfc1 Qb7 18. a3 Nd7 19. Qd1 h6 20. Qd2 Bf6 21. f4 Rfe8 22. Nd1 g6 23. Nf2 Bg7 24. Ra2 Nf6 25. Qe1 Be4 26. a4 Nd7 27. Rb2 Qc7 28. Qf1 Nb8 29. Rb3 f5 30. Nd1 Qa7 31. Nc3 Re7 32. b5 axb5 33. axb5 Qa5 34. b6 Na6 35. Ra1 Nxc5 36. Rxa5 Rxa5 37. dxc5 d4 38. b7 1-0

[Event "Langley op"]
[Site "Langley CAN"]
[Date "2025.08.30"]
[Round "1.4"]
[White "Ashley, Matthew"]
[Black "Kaufman, Raymond"]
[Result "0-1"]
[WhiteElo "1789"]
[BlackElo "2302"]
[WhiteFideId "-1"]
[WhiteFideId "-1"]
[PlyCount "112"]
[GameId "2223040862658602"]
[EventDate "2025.08.30"]
[EventType "swiss"]
[EventRounds "6"]
[EventCountry "CAN"]

1. e4 e5 2. Nf3 Nc6 3. d4 exd4 4. Nxd4 Bc5 5. Nb3 Bb6 6. Nc3 Nge7 7. Qe2 O-O 8. Be3 d6 9. O-O-O f5 10. Bg5 h6 11. Be3 f4 12. Bxb6 axb6 13. a3 Kh8 14. f3 Ne5 15. Qf2 Bd7 16. Be2 Qe8 17. Rhg1 Qh5 18. g3 fxg3 19. Rxg3 Qf7 20. Rdg1 Qf4+ 21. Kb1 g5 22. Qd4 Qf6 23. h4 gxh4 24. Rg7 Rg8 25. Rxg8+ Rxg8 26. Rxg8+ Kxg8 27. Qe3 h3 28. f4 N5g6 29. f5 h2 30. Bf3 Ne5 31. Bh1 Qh4 32. Nd4 Ng4 33. Qd2 Qf2 34. Nf3 Qxd2 35. Nxd2 Nf2 36. Nf3 Nxh1 37. Nxh2 h5 38. Nf3 Nf2 39. Ng5 Kg7 40. Nf3 Kf6 41. Kc1 Bc6 42. Nd4 h4 43. Nf3 h3 44. Kd2 Nxe4+ 45. Nxe4+ Bxe4 46. Nh2 Nxf5 47. Ke1 Kg5 48. Kf2 Kf4 49. c3 Nh4 50. Nf1 Nf3 51. Ng3 d5 52. Ne2+ Kg4 53. Ng3 Nd2 54. Ne2 h2 55. Ng3 b5 56. b4 Nc4 0-1

[Event "Langley op"]
[Site "Langley CAN"]
[Date "2025.08.30"]
[Round "1.5"]
[White "Chen, Yidong"]
[Black "Jaspal, Harleen Singh"]
[Result "1-0"]
[WhiteElo "2294"]
[BlackElo "1773"]
[WhiteFideId "-1"]
[WhiteFideId "-1"]
[PlyCount "133"]
[GameId "2223040862666795"]
[EventDate "2025.08.30"]
[EventType "swiss"]
[EventRounds "6"]
[EventCountry "CAN"]

1. e4 e5 2. Nf3 Nc6 3. Bb5 a6 4. Ba4 Nf6 5. O-O d6 6. Re1 b5 7. Bb3 Bg4 8. c3 Be7 9. d3 Qd7 10. Nbd2 O-O 11. Nf1 Nd8 12. h3 Bh5 13. Ng3 Bg6 14. Nh4 Ne6 15. Nhf5 Rfe8 16. Nxe7+ Qxe7 17. Qf3 Nd7 18. Be3 c6 19. Nf5 Bxf5 20. exf5 Nd8 21. Qg4 Kh8 22. Bg5 f6 23. Bd2 Nc5 24. Bc2 Nf7 25. Qh5 Nd7 26. Re4 d5 27. Rh4 Nf8 28. Re1 Nd6 29. d4 Qf7 30. Qg4 e4 31. Bf4 Qd7 32. Bxd6 Qxd6 33. Re3 Re7 34. Qh5 Ree8 35. Rg4 Qd7 36. Bb3 Kg8 37. Reg3 Kh8 38. Qh6 Ng6 39. Qh5 Nf8 40. Re3 Kg8 41. Rgg3 Kh8 42. Re1 Qd6 43. Qg4 Qc7 44. Rge3 Qd6 45. a3 Qc7 46. Bd1 Kg8 47. Qh4 Qd6 48. Bb3 Kh8 49. Bc2 Kg8 50. Qg4 Kh8 51. Qe2 Qd7 52. Qh5 Qc7 53. Qg4 Qd6 54. Bd1 Kg8 55. Bb3 Kh8 56. Bc2 Kg8 57. Qe2 Qd7 58. f3 Qxf5 59. fxe4 Qg5 60. Qf2 Kh8 61. e5 Ng6 62. Bxg6 hxg6 63. exf6 Rxe3 64. Rxe3 Rf8 65. f7 Qf6 66. Re8 Qh4 67. Qxh4# 1-0